| 000 | 06401namaa22004331i 4500 | ||
|---|---|---|---|
| 003 | OSt | ||
| 005 | 20251221112047.0 | ||
| 008 | 250827s2024 ua a|||frm||| 000 0 eng d | ||
| 040 |
_aEG-GICUC _bara _cEG-GICUC _dEG-GICUC _erda |
||
| 041 | 0 |
_aara _bara _beng |
|
| 049 | _aإيداع | ||
| 082 | 0 | 4 | _a371.94 |
| 092 |
_a371.94 _221 |
||
| 097 | _aدكتوراه | ||
| 099 | _aCai01.26.01.Ph.D.2024.سم.ب | ||
| 100 | 0 |
_a،سمر محمد إبراهيم عمر _eإعداد. |
|
| 245 | 1 | 0 |
_aبرنامج قائم على بعض الأنشطة التفاعليَّة لتنمية مهارات التواصل اللفظي وغير اللفظي لدى الأطفال الذاتويين / _cإعداد سمر محمد إبراهيم عمر؛ إشراف الأستاذ الدكتور كمال الدين حسين، الأستاذ الدكتور جيهان عبد الفتاح عزام، الأستاذ الدكتور إيمــان سعــــد زناتــــي. |
| 246 | 1 | 5 | _aA program based on some interactive activities for the development of verbal and non-verbal communication skills for autistic kids / |
| 264 | 0 | _c2024. | |
| 300 |
_a172 صفحة : _bإيضاحيات ؛ _c25 cm. + _eCD. |
||
| 336 |
_atext _2rda content |
||
| 337 |
_aUnmediated _2rdamedia |
||
| 338 |
_avolume _2rdacarrier |
||
| 502 | _aأطروحة (دكتوراه)-جامعة القاهرة، 2024. | ||
| 504 | _aببليوجرافيا: صفحات 144-163. | ||
| 520 | _aتهدف الدراسة الحالية إلى توظيف الأنشطة التفاعليَّة في تنمية مهارات التواصل اللفظي وغير اللفظي لدى الأطفال الذاتويين واستخدمت الباحثة المنهج الوصفي والمنهج شبه التجريبي، واشتملت عينة البحث على (30) طفلاً وطفلة ذاتويين تتراوح أعمارهم ما بين 5-7 سنوات من مركز قدرات ومركز خط الحياة لذوي الاحتياجات الخاصة، واستخدمت الباحثة قائمة لتحديد الأنشطة التفاعليَّة (إعداد الباحثة)، واستمارة لمعرفة أنواع المعززات المحببة للطفل الذاتوي (إعداد الباحثة) واستمارة استطلاع رأي للمهارات اللفظيَّة وغير اللفظيَّة (إعداد الباحثة) ومقياس ستانفورد بينيه للذكاء الصورة الخامسة ومقياس تقدير التوحد الطفولي كارز للتوحد ومقياس مهارات التواصل اللفظي وغير اللفظي المصور والأدائي للأطفال الذاتويين (إعداد الباحثة) وبرنامج قائم على بعض الأنشطة التفاعليَّة لتنمية مهارات التواصل اللفظي وغير اللفظي لدى الأطفال الذاتويين (إعداد الباحثة) وتوصل البحث الحالي إلى وجود فروق ذات دلالة إحصائيَّة بين متوسطي درجات أطفال المجموعة التجريبيَّة وأطفال المجموعة الضابطة في القياس البعدي على مقياس مهارات التواصل اللفظي وغير اللفظي المصور للطفل الذاتوي بعد تطبيق برنامج قائم على الأنشطة التفاعليَّة لصالح المجموعة التجريبيَّة وجود فروق ذات دلالة إحصائيَّة بين متوسطي رتب درجات أطفال المجموعة التجريبيَّة الذاتويين قبل تطبيق برنامج قائم على بعض الأنشطة التفاعليَّة وبعد التطبيق على مقياس مهارات التواصل اللفظي وغير اللفظي المصور للطفل الذاتوي في اتجاه القياس البعدي. | ||
| 520 | _aThe Study hereby aims to implement interactive activities in the development of verbal and non-verbal communication skills for Autistic kids; the Study conductor used descriptive and quasi-experimental approaches. The Study experiment included 30 autistic kids (Boys and girls) between the ages of 5-7 years old from a Center of Abilities and Center of Lifeway for kids with special needs. The Study conductor used a questionnaire to know the favorite boosters for Autistic Kids (made by the Study conductor), a questionnaire for verbal and non-verbal skills (Made by the Study conductor), animated verbal and non-verbal skills measurement for Autistic kids (made by Study conductor), and a program based on some interactive activities for the development of verbal and non-verbal communication skills for autistic kids (Researcher’s prep). The present study results that there are some statistical differences in the average levels between the kids in the trial group and the kids of the control group in the post-measurement on the scale of verbal and non-verbal picture communication of the Autistic Child after applying the program based on interactive activities in benefit of the trial group; while statistical differences results are shown in the average levels degrees of the trial Autistic group before compared to after applying a program based on interactive activities on the scale of measuring verbal and non-verbal picture communication of the Autistic Child with regard post-measurement. | ||
| 530 | _aصدر أيضًا كقرص مدمج. | ||
| 546 | _aالنص بالعربية والملخص باللغة الإنجليزية والعربية. | ||
| 650 | 7 |
_aالأطفال الشواذ _2qrmak |
|
| 653 | 0 |
_aالذاتوية _aمهارات التواصل _aالأنشطة التفاعليَّة |
|
| 700 | 0 |
_aكمال الدين حسين _eمشرف أطروحة. |
|
| 700 | 0 |
_aجيهان عبد الفتاح عزام _eمشرف أطروحة. |
|
| 700 | 0 |
_aإيمــان سعــــد زناتــــي _eمشرف أطروحة. |
|
| 900 |
_b01-01-2024 _cكمال الدين حسين _cجيهان عبد الفتاح عزام _cإيمــان سعــــد زناتــــي _dإيهاب محمد عيد _dعلا حسن كامل _Uجامعة القاهرة _Fكلية التربية للطفولة المبكرة _Dقسم العلوم الأساسيَّة |
||
| 905 |
_aSara _eAfaf |
||
| 942 |
_2ddc _cTH _e21 _n0 |
||
| 999 | _c176350 | ||